[Event "London Classic 4th"]
[Site "London"]
[Date "2012.12.09"]
[Round "8"]
[White "Anand, Viswanathan"]
[Black "Nakamura, Hikaru"]
[Result "1/2-1/2"]
[WhiteElo "2775"]
[BlackElo "2760"]
[Annotator "Ftacnik,L"]
[PlyCount "130"]
[EventDate "2012.12.01"]
[EventType "tourn"]
[EventRounds "9"]
[EventCountry "ENG"]
[EventCategory "21"]
[SourceTitle "CBM 152"]
[Source "ChessBase"]
[SourceDate "2013.01.15"]
[SourceVersion "1"]
[SourceVersionDate "2013.01.15"]
[SourceQuality "1"]

1. e4 c5 2. Nf3 d6 3. d4 cxd4 4. Nxd4 Nf6 5. Nc3 a6 6. h3 e5 7. Nde2 h5 8. Bg5
Be6 9. Bxf6 Qxf6 10. Nd5 Qd8 11. Nec3 {Anand has had some direct experience
with the line as Black, even though his opponent has chosen a less logical
setup with 11...c3.} (11. c3 Nd7 12. h4 Bxd5 13. Qxd5 Be7 14. g3 O-O 15. Bh3
Nf6 16. Qd3 b5 17. Rd1 Qb6 18. O-O a5 19. Bg2 Rfc8 20. Bf3 $11 {0-1 Naiditsch,
A (2689)-Anand,V (2788)/Moscow 2009 (54)}) 11... Nd7 {We may easily witness
the splitting of players into two distict groups depending on their preference
for the black knight's move. The main atraction for the d7-square seems to be
the control of the b6-square and the prospect of a timely Nf6. With 11...Nc6
Black is controlling the vulnerable spot d4 with better chances for active
counterplay.} (11... Nc6 12. Be2 (12. Ne3 g6 13. Ncd5 Bh6 14. c3 O-O 15. Bc4
Rc8 16. O-O Nb8 17. Bb3 Nd7 18. Qe2 Qh4 19. Rad1 Kg7 20. Nc4 Nc5 21. Ncb6 {
1-0 Vallejo Pons,F (2705)-Shabalov,A (2523)/Las Vegas 2011 (30)} Rc6 $11) (12.
Bc4 g6 13. Ne3 Bg7 14. Bxe6 fxe6 15. O-O Qc7 16. Ne2 O-O 17. c3 Bh6 18. Qd3
Rad8 19. Rad1 Kh7 20. b4 Ne7 21. c4 Bg5 $11 {1-0 Predke,A (2450)-Lastin,A 
(2611)/Samara 2011 (51)}) 12... g6 13. Ne3 (13. O-O Bh6 14. Na4 b5 15. Nab6 Rb8
16. a4 O-O 17. axb5 axb5 18. Ra6 Kg7 19. c3 Ne7 20. Qd3 Nxd5 21. Nxd5 $16 {
1/2-1/2 Brkic,A (2592)-Fercec,N (2452)/Zagreb 2011 (66)}) 13... Bh6 14. Ncd5
Bxe3 15. Nxe3 Qb6 16. Qb1 f5 17. c3 fxe4 18. Bc4 Bf5 19. Bd5 Ne7 20. Bxe4 Bxe4
21. Qxe4 Qxb2 22. O-O Qxc3 23. Rfc1 Qd4 24. Qxb7 $14 {1-0 Demchenko,A (2578)
-Gabrielian,A (2545)/Belorechensk 2012 (56)}) (11... g6 12. Bc4 Bh6 13. a3 (13.
O-O O-O 14. a4 Nc6 15. Qd3 Rc8 16. Ba2 (16. Rfd1 Kg7 17. Bb3 Qh4 18. Nb6 Rcd8
19. Bd5 Nb4 20. Qe2 Nxd5 21. Nbxd5 $14 {1/2-1/2 Heberla,B (2531)-Olszewski,M 
(2526)/Warsaw 2012 (60)}) 16... Kh8 17. Rad1 Qa5 18. Ne2 Bxd5 19. Qxd5 Qxa4 20.
Bb3 Qb4 21. Qxd6 Qxe4 22. Nc3 Qf5 $15 {1/2-1/2 Hou,Y (2617)-Ju,W (2518)/Jermuk
2012 (42)}) 13... O-O 14. Ba2 Nc6 15. Qd3 Rc8 16. O-O Nd4 17. Kh1 Qh4 18. Kg1
Kh8 19. Rae1 b5 20. Nb4 a5 $15 {1/2-1/2 Fedorchuk,S (2639)-Van Kampen,R (2565)/
Korinthia 2012}) 12. Bc4 {It does not make sense to play active moves for
their own sake, but in our position the bishop should rather go to the a2-g8
diagonal.} (12. Be2 g6 13. O-O Bh6 14. a4 Rc8 (14... b6 15. Bc4 Qc8 16. Qd3 Kf8
17. Ne3 Qc5 18. Bxe6 fxe6 19. Nc4 Qd4 20. Rfd1 Qxd3 21. Rxd3 $16 {1-0 Smith,B 
(2444)-Shyam,N (2502)/Philadelphia 2012 (30)}) 15. a5 O-O 16. b4 Nf6 17. Re1
Kg7 18. Ra3 Rc6 19. Bf1 Bxd5 20. Nxd5 Nxd5 21. Qxd5 $14 {1-0 Saric,I (2586)
-Cvitan,O (2554)/Otocac 2010 (83)}) 12... g6 13. a4 Bh6 (13... Rc8 14. Ba2 Bh6
15. O-O O-O 16. Qe2 Qh4 17. Rfd1 Kh8 18. a5 Rg8 19. Nb6 Nxb6 20. axb6 Rc6 21.
Nd5 Rf8 22. Rd3 {1-0 Heberla,B (2539)-Nitin,S (2387)/Mumbai 2011 (67)} Bxd5 23.
Bxd5 Rxb6 24. b3 Qe7 $11) 14. a5 Rc8 15. Ba2 (15. Qe2 Qg5 16. Ne3 Bxc4 17. Nxc4
Qxg2 18. Nxd6+ Kf8 19. Nxc8 Qxh1+ 20. Qf1 $11) 15... O-O 16. O-O Kg7 {The
position is well defined, with White's main asset in firm control of the
d5-square. Black is ready to generate counterplay on the kingside, but he has
to worry about the safety of the d6-pawn. The king steps away from problems
along the light-squared diagonal as well as avoiding moves of the knight from
d5.} 17. b4 (17. Re1 Qh4 18. Ne3 Qe7 $14) 17... Rc6 18. Qd3 Qg5 19. Rfd1 Rfc8
20. Bb3 f5 {Nakamura is a tactical virtuoso, he is usually striving for lots
of dynamic contact between pieces. A more positional player woul have used the
moment for the swap of one knight on d5 with 20...Nf6!} (20... Nf6 $1 21. Qf3 (
21. Nxf6 Rxc3 22. Ne8+ Kh8 $19) 21... Nxd5 22. Nxd5 f5 23. exf5 Bxf5 $11) 21.
exf5 gxf5 {The American player has no aversion to taking risks, otherwise he
would have strongly considered the alternative 21...Bxf5!? with even chances.}
(21... Bxf5 $5 22. Ne4 Qh4 23. f3 Bxe4 24. fxe4 Nf6 25. Rf1 Nxd5 26. Qxd5 Be3+
27. Kh1 Bd4 $11) 22. Ne2 (22. Ba4 e4 (22... Rc4 23. Ne2 e4 24. Qa3 $16) 23.
Qd4+ Kf7 24. Bxc6 bxc6 25. Nb6 Rg8 26. g3 h4 27. Nxd7 hxg3 28. Qf6+ Qxf6 29.
Nxf6 Kxf6 30. Rxd6 gxf2+ 31. Kxf2 Rc8 $11) 22... f4 (22... e4 23. Qg3 $1 (23.
Nef4 Bxd5 24. Qxd5 Qxf4 25. Qf7+ Kh8 26. Qxd7 Bg7 27. Rab1 h4 $11) (23. Qd4+
Ne5 24. Qa7 Kh8 25. Qxb7 Rg8 26. g3 Rg7 $11) 23... Qxg3 24. Nxg3 Kf7 25. Nxh5
$14) 23. Ndxf4 $6 {Anand is the world champion, but his tender age of over 40
is sometimes felt in the ease of his decisions. It is very tempting to try
conquering the dangerous adversary on his own tactical turf. The combination
is original, attractive but objectively much weaker than the positional
solution with 23.Nec3!} (23. Nec3 $1 Bf5 (23... Nf6 24. Nxf6 Rxc3 25. Qxd6 Qxf6
26. Bxe6 $16) 24. Ne4 Qg6 25. f3 $16) 23... Bxb3 24. h4 Qg4 (24... Bxc2 $2 25.
hxg5 Bxd3 26. gxh6+ Kxh6 27. Nxd3 $18) (24... Qe7 $2 25. Qg6+ Kf8 26. Qxh6+ $18
) (24... Qxh4 25. Qg6+ $18) 25. f3 Bxc2 26. fxg4 Bxd3 27. Nxh5+ (27. Nxd3 hxg4
$17) 27... Kg8 28. Rxd3 {The smoke has cleared and White even managed to win a
pawn. Unfortunately the black pieces are coordinated so well, that he does not
have to fear the future.} Bf8 29. Kh2 (29. g5 Rc4 30. g3 Rxb4 31. Rc3 Rc6 $11)
29... Rc4 30. Kh3 Rxb4 (30... Re4 31. Neg3 Rxb4 32. Nf5 Rc6 33. Rad1 Nc5 34.
Re3 $14) 31. Rf3 Rc2 (31... e4 32. Re3 d5 33. Rd1 Rc5 34. Nhf4 $14) 32. Nc3 {
Anand keeps playing with ambition, otherwise he would probably have accepted
near equality after the clever move 32.Raf1!?} (32. Raf1 $5 Rxe2 33. Rf7 Re1 $1
34. Rxf8+ (34. R1f5 Rh1+ 35. Kg3 Rb3+ 36. Kf2 d5 37. Rxd7 Bc5+ 38. Ke2 Rb2+ 39.
Kf3 Rf1+ 40. Kg3 Rb3+ 41. Kh2 Bg1+ 42. Kh1 Bf2+ $11) 34... Nxf8 35. Rxe1 b5 36.
axb6 Rxb6 37. Nf6+ $14) 32... e4 $1 33. Rg3 Rd2 34. Re1 d5 35. Nf4 Rbd4 36.
Ncxd5 {The dangerous pawn mass is eliminated and White will hope for the
better coordination of his pieces in the sharp endgame.} (36. g5 Bd6 $15) (36.
Nfxd5 Bd6 37. Rge3 Rxd5 38. Nxd5 Rxd5 39. Rxe4 Rxa5 40. Re8+ Kf7 41. g5 $11)
36... Rxd5 37. Nxd5 Rxd5 38. Rxe4 Rxa5 39. g5 {[%mdl 4096]} (39. Rd3 Nc5 40.
Re5 Nxd3 41. Rxa5 Nc5 42. Ra1 b5 43. Rb1 Nb7 44. g5 b4 $17) 39... Ra3 $2 {
Time trouble has spoiled more games than anybody could possibly count.
Nakamura is hoping to ease his situation with the help of a rook exchange.
Unfortunately his impulsive decision is completely wrong and pushes him to the
edge of a losing position.} (39... Rd5 $1 40. Re8 Kf7 41. Ra8 Kg6 $11) 40. Re8
$6 {The champion must have been quite unhappy about letting his golden chance
slip away. The best was to accept the challenge and swap on a3 with excellent
chances for a win.} (40. Rxa3 $1 Bxa3 41. h5 Bf8 (41... b5 42. Re8+ Kh7 43. Re6
Nc5 44. Re7+ Kg8 45. Kg4 $18) 42. h6 a5 43. Re8 Kf7 44. Ra8 b6 45. Ra7 Ke6 46.
Kg4 Ne5+ 47. Kh5 $18) 40... Rxg3+ 41. Kxg3 b5 42. Rd8 {It is simply impossible
to calculate the position all the way to the solution over the board, so the
players must use their intution. Anand will do fine, but on several instances
better lines will escape his attention.} (42. h5 $1 b4 (42... Kf7 43. Ra8 b4
44. Rxa6 b3 45. Ra7 Ke6 46. Rb7 Nc5 47. Rb6+ Ke5 48. h6 $18) 43. Rd8 Nc5 44.
Kg4 b3 45. h6 b2 46. Rb8 Nd3 47. g6 b1=Q 48. h7+ Kg7 49. Rxb1 Ne5+ 50. Kh5 Nxg6
51. Rb6 Nf4+ 52. Kg5 Nd5 53. Rb8 $16) 42... Nc5 (42... Ne5 43. Ra8 b4 44. h5
Nd7 45. Rd8 Ne5 46. Kf4 Nc6 47. Rc8 Ne7 48. Rb8 a5 49. Ke4 $16) 43. Rb8 {
It is easy to criticise after analysing the position with the help of engines.
Let us just agree on the fact, that 43.Kg4! would have been challenging for
the defender.} (43. Kg4 $1 b4 44. h5 b3 45. h6 b2 46. Rb8 Nd3 47. g6 $16) 43...
Kf7 (43... Nd7 44. Rb7 Nc5 45. Rb6 Nd7 46. Rxa6 b4 47. Ra5 $16) 44. g6+ (44.
Rb6 b4 45. Rxb4 a5 46. Rb5 a4 47. Kg4 $16) 44... Kg7 45. Kg4 b4 (45... Ne4 46.
h5 b4 47. Rb7+ Kg8 48. g7 Bxg7 49. Rxb4 $16) 46. h5 $2 {The chess game is
eternally rich and charming, since even world champions can miss the best
continuations. After this wrong choice White will not be able to win any more.}
(46. Rxb4 Kxg6 47. h5+ Kh7 48. Rb8 $16) 46... b3 47. Kf5 (47. h6+ Kxh6 48. Rxf8
Kxg6 49. Kf3 a5 50. Ke3 a4 51. Kd2 $11) 47... Bd6 48. Rb4 $2 {We all know the
frustration, when a good position is slipping away and a bit is missing for
the success. Anand got so frustrated, that he now overstepped the line dividng
safety from risk.} (48. Rb6 $1 Be5 49. Kg5 (49. g4 Kh6 50. Rxb3 Nxb3 51. Kxe5
Kg7 52. Kd5 $11) 49... Ne4+ 50. Kf5 Nd6+ 51. Ke6 b2 52. Rb3 Nc4 53. Rb7+ Kh6
54. Rh7+ Kg5 55. g7 b1=Q 56. g8=Q+ Kh4 57. Qd8+ Kg4 58. Qg8+ Kh4 $11) 48... a5
49. Rb6 (49. Rh4 Kh6 50. g4 Be7 51. Rh2 Nd3 $19) 49... a4 $1 50. Rxd6 (50. h6+
Kxh6 51. Kf6 Be5+ 52. Kf5 a3 $19) 50... b2 51. Rb6 (51. Rd1 a3 52. Re1 Kf8 $19)
51... a3 {Suddenly White finds himself gazing at the unusual exception to the
rule. Rook and extra pawn, advanced structure on the kingside - it all
miraculously pales against the rolling black pawns supported with the
perfectly placed knight.} (51... Nb3 $4 52. Rb7+ Kg8 53. Kf6 $18) 52. Kg5 Ne4+
53. Kf4 a2 54. Rb7+ Kf8 55. Rxb2 (55. Rb8+ Ke7 56. g7 Nf6 57. Rb7+ Ke8 58.
g8=Q+ Nxg8 59. Rb8+ Kf7 $19) 55... a1=Q 56. Rb8+ Ke7 $1 57. Kxe4 Qe1+ $6 {
The game is so rich in missed opportunities, that the final nervous play of
Nakamura can be viewed as somewhat justified conclusion to the game. Naturally
the queen would have won in the fight against the rook.} (57... Qa4+ $1 58. Ke5
(58. Kd3 Qd7+ 59. Ke3 Qe6+ 60. Kf3 Qf5+ 61. Kg3 Qe5+ $19) (58. Kf5 Qc2+ 59. Kg5
Qd2+ 60. Kf5 Qd5+ $19) 58... Qc6 $1 59. g7 (59. Rb1 Qc3+ 60. Kf4 Qd2+ 61. Kf5
Qc2+ $19) (59. Rb2 Qf6+ $19) 59... Qd6+ $19) 58. Kf3 Qc3+ $2 {After this move
the tragedy is complete and the point will be split. White could still have
won with the exact check 58...Qd1!} (58... Qd1+ $1 59. Ke3 (59. Kg3 $6 Qd6+ $19
) 59... Qc1+ 60. Kd3 (60. Kf3 Qc6+ 61. Ke3 Qe6+ 62. Kf3 Qf5+ 63. Ke3 Qe5+ $19)
60... Qf1+ 61. Ke3 Qxg2 62. Rb5 Qc6 63. g7 Kf7 64. Rg5 Qc1+ $19) 59. Kg4 $1
Qd4+ 60. Kh3 $1 Qd3+ {White could have build up a fortress after the better
check 60...Qe3+. The fight is fortunately over.} (60... Qe3+ 61. g3 Qe5 62.
Rb7+ Kf6 63. g7 Qxh5+ 64. Kg2 Qd5+ 65. Kf2 Kg6 66. g8=Q+ Qxg8 67. Rb4 Qf7+ 68.
Rf4 $11) 61. Kh4 Qe4+ 62. g4 Qe1+ 63. Kh3 Qe3+ 64. Kh4 Qe1+ 65. Kh3 Qe3+ {
In many respects a fascinating game, despite the mistakes and omissions!}
1/2-1/2

[Event "Tata Steel-A 75th"]
[Site "Wijk aan Zee"]
[Date "2013.01.12"]
[Round "1"]
[White "Anand, Viswanathan"]
[Black "Nakamura, Hikaru"]
[Result "1/2-1/2"]
[WhiteElo "2772"]
[BlackElo "2769"]
[Annotator "Marin,M"]
[PlyCount "56"]
[EventDate "2013.01.12"]
[EventType "tourn"]
[EventRounds "13"]
[EventCountry "NED"]
[EventCategory "20"]
[SourceTitle "CBM 153"]
[Source "ChessBase"]
[SourceDate "2013.03.14"]
[SourceVersion "1"]
[SourceVersionDate "2013.03.14"]
[SourceQuality "1"]

1. e4 e6 2. d4 d5 3. Nc3 Nf6 4. e5 Nfd7 5. f4 c5 6. Nf3 Nc6 7. Be3 cxd4 8. Nxd4
Qb6 9. Qd2 Qxb2 10. Rb1 Qa3 11. Bb5 Nxd4 12. Bxd4 a6 {Black wants to get the
bishops pair, which may tell later taking into account the white weaknesses
along the c-file. In doing so, he neglects his kingside development slightly.}
({The by far most popular move is} 12... Bb4 {See for instance two games
annotated by Finkel:} 13. O-O O-O (13... a6 {Degraeve,J (2586)-Lampen,T (2315)
Chalkidiki 2002 CBM 092 [Finkel,A] (0-1, 29)}) 14. Rb3 {Rechlis,G (2525)
-Zueger,B (2448) Ohrid 2001 CBM 084 [Finkel,A] (1-0, 63)}) 13. Bxd7+ Bxd7 14.
Rb3 Qe7 15. Rxb7 {White has an excellent blockade on dark squares and some
lead in development. However, Black has some long term plusses, such as his
bishops pair and the more compact structure.} Qh4+ 16. Bf2 (16. Qf2 Be7 17.
Qxh4 Bxh4+ 18. Kd2 Bd8 19. Rhb1 Bc6 20. Rb8 Rxb8 21. Rxb8 O-O 22. Rc8 Bb7 23.
Rb8 Bc6 24. Rc8 Bb7 {1/2 Shirov,A (2714)-Morozevich,A (2694) Biel 2011. Now
and in other positions below, the bishops will provide the vulnerable
queenside with entirely adequate defence.}) 16... Qd8 17. Bb6 {Deviating from
a previous game of Nakamura.} (17. O-O Qc8 18. Rb3 Qc4 19. Ne2 Be7 20. Rfb1 O-O
21. Rb7 Qc8 22. Qc3 Bd8 {Typically, the bishops can display effective activity
from the back rank, especially if they act in tandem.} 23. Qxc8 Bxc8 24. Rb8
Rxb8 25. Rxb8 Bc7 26. Ra8 Bd7 27. Ra7 Rc8 28. Nc3 g5 $132 {Karjakin,S (2776)
-Nakamura,H (2774) Monaco 2011 (1/2, 124)}) 17... Qc8 18. Rc7 Qd8 19. Qd4 Rc8 (
19... Rb8 20. O-O Rc8 {does not make much sense to me: why would he lose one
tempo when behind in development already?} 21. Rxc8 Qxc8 22. f5 $36 {Kurnosov,
I (2657)-Andreikin,D (2689) Sochi 2012 (1-0, 55)}) 20. Rxc8 $146 (20. Ra7 Qh4+
21. g3 Qh3 22. Rxd7 {Nice, but enough for a draw by perpetual (at least
judjing from the course of this game)} Kxd7 23. Qa4+ Rc6 24. Qxa6 $8 {[%cal
Ga6b7]} Rxc3 25. Qb7+ Ke8 26. Qa8+ Kd7 27. Qa4+ Kc8 28. Qa6+ Kd7 29. Qa4+ Kc8
30. Qa6+ Kd7 31. Qa4+ {1/2 Solodovnichenko,Y (2598)-Ikonnikov,V (2537) Ghent
BEL 2012}) 20... Qxc8 21. O-O Qc6 22. Rb1 $6 {This is much too slow. White
will need two (!) more tempi to free the b6-square for his rook, leading to
the complete loss of his advance in development.} ({To me, the critical
continuation is} 22. f5 Be7 (22... exf5 $2 23. Nxd5 $18) 23. Rf3 {, when Black
would still have to find a way to bring his king into safety.}) 22... Be7 23.
Qe3 (23. f5 f6 $1) 23... O-O 24. Bd4 Rc8 {Black has completed his development
and retains some strategic trumps. Therefore, White starts the peace
negotiations.} 25. Rb6 Qc4 26. Rb7 Qc6 27. Rb6 Qc4 28. Rb7 Qc6 1/2-1/2

[Event "Tata Steel-A 75th"]
[Site "Wijk aan Zee"]
[Date "2013.01.19"]
[Round "7"]
[White "Anand, Viswanathan"]
[Black "Van Wely, Loek"]
[Result "1-0"]
[WhiteElo "2772"]
[BlackElo "2679"]
[Annotator "Szabo,Kr"]
[PlyCount "73"]
[EventDate "2013.01.12"]
[EventType "tourn"]
[EventRounds "13"]
[EventCountry "NED"]
[EventCategory "20"]
[SourceTitle "CBM 153"]
[Source "ChessBase"]
[SourceDate "2013.03.14"]
[SourceVersion "1"]
[SourceVersionDate "2013.03.14"]
[SourceQuality "1"]

1. e4 d5 2. exd5 Qxd5 3. Nc3 Qa5 4. d4 Nf6 5. Bd2 (5. Nf3 {is the main line.})
5... Bg4 $1 (5... c6) 6. f3 {White doesn't want to allow the pin after 6.Nf3.
His plan is Bc4 and Nge2 because the knight sometimes goes to f4 or g3.} Bd7 $5
{This looks a slightly weird place for the bishop, but nowadays this is the
most popular move.} (6... Bf5 {could have been met by} 7. g4 Bg6 {and} 8. f4 $1
e6 9. f5 exf5 10. g5 (10. Qe2+ Be7 (10... Kd8 11. g5 Nfd7 12. O-O-O $36 {
Houard-Prie, Saint Affrique 2007}) 11. g5 {White has huge initiative for the
pawn, for example:} Nd5 {- 10.g5}) 10... Nd5 11. Qe2+ (11. Bb5+ Kd8 12. Qf3
Nxc3 13. Qxb7 Qxb5) 11... Be7 12. Qe5 $1 ({if} 12. Qb5+ Qxb5 13. Bxb5+ c6 14.
Nxd5 cxb5 15. Nc7+ Kd7 16. Nxa8 Nc6 $44 {Nataf-Sanchez, Belfort 2012; and
Black has some compensation with his two strong bishops.}) 12... c6 13. Qxg7
Rf8 14. Bc4 Nxc3 15. Bxc3 Qc7 16. O-O-O Na6 17. Nf3 $14) 7. Bc4 Qb6 8. Nge2 e6
9. Bb3 (9. O-O Be7 (9... Bb4 10. a3 $142 (10. Ne4 Be7 11. Kh1 Bc6 12. Nxf6+
Bxf6 13. Bc3 Bb5 14. Bxb5+ Qxb5 15. d5 Qxd5 16. Qxd5 exd5 17. Bxf6 gxf6 18. Nf4
c6 19. c4 dxc4 20. Rfe1+ Kf8 21. Rad1 Na6 22. Re4 Kg7 23. Rxc4 Rad8 $15 {
Bedouin-Prie, Chartres 2005}) 10... Bxc3 11. bxc3 $5 O-O 12. Rb1 Qc6 13. Bd3
$14) 10. Kh1 (10. Be1 O-O 11. a4 a6 12. a5 Qc6 13. Bb3 b5 14. axb6 cxb6 15. d5
$1 Qc8 16. Nf4 e5 17. Nd3 Qc7 18. Kh1 Bf5 19. Nxe5 $1 Qxe5 20. Bg3 Qe3 21. Re1
$18 {Hamdouchi-Borgo, Lugano 2012}) 10... O-O 11. a4 a5 12. Ne4 Nc6 13. c3 Rfd8
14. Qc2 Be8 15. N2g3 Nd5 16. Rae1 g6 17. Nf2 Kg7 18. Qc1 $36 {Gharamian-Prie,
Belgium 2011}) (9. Be3 Nc6 (9... Be7 10. Bf2 O-O 11. O-O c5 12. d5 exd5 13.
Nxd5 Nxd5 14. Qxd5 Be6 $11 {Lahno-Skripchenko, Istanbul 2012}) 10. a3 (10. O-O
$5 Na5 11. Bd3 Qxb2 12. Qe1 $44) 10... Ne7 ({if} 10... Bd6 11. Qd3 {and the
black queen is in trouble.}) 11. O-O Ned5 12. Bf2 Be7 (12... O-O-O $6 {is too
risky because of} 13. b4 $1 h5 14. Ne4 Nxe4 15. fxe4 Nf6 16. Bd3 (16. Bh4 $5 {
is also possible exploiting the unpleasant pin.}) 16... Ng4 17. c4 e5 18. c5
Qh6 19. d5 $36 {looks very dangerous for Black.} Nxf2 20. Rxf2 Qe3 21. Ng3 g6
22. Nf1 Qd4 23. Rc1 $16 {Edouard-C.Bauer, Switzerland 2012}) 13. Bb3 $142 (13.
Bxd5 Nxd5 14. Nxd5 exd5 15. Nf4 Be6 16. Re1 O-O-O 17. b3 Bf6 18. Qd3 g6 19.
Nxe6 fxe6 20. Re2 Rd6 21. Rae1 Re8 22. Qd2 Qb5 23. Qf4 Bh8 24. a4 {1/2
Brkic-Stevic, Plitvicka Jezera 2013}) (13. Ne4 Bb5 14. b3 Bxc4 15. bxc4 Nxe4
16. fxe4 Nf6 17. Nc3 $14 {Iv.Saric-Papaioannou, Istanbul 2012}) 13... O-O 14.
Ne4 $14) 9... Nc6 $146 (9... Be7 10. Be3 O-O 11. Qd2 Na6 12. Nf4 (12. O-O Rfd8
13. Bf2 c5 14. Qf4 Rac8 15. d5 exd5 16. Nxd5 Nxd5 17. Bxd5 Bf6 18. Rad1 (18.
Ng3 Nb4 19. Bb3 Be6 20. a3 $2 Nd3 $1 21. cxd3 Qxb3 22. Ne4 Bd4 $17 {
Orlovska-Ramiro Ovejero, Cambados 2008}) 18... Nb4 $132) 12... c5 13. d5 Rfd8
14. Qe2 Nc7 15. dxe6 Bxe6 16. Nxe6 Nxe6 $13) 10. Be3 Na5 (10... Bd6 11. Qd2)
11. O-O Nxb3 12. axb3 {Black has gained the bishop pair but his main problem
is the badly placed queen.} Be7 (12... Bd6 13. Ne4) 13. Nf4 O-O 14. Re1 (14.
Nd3 Rfd8 15. Re1 {- transposes to the game}) 14... Rfd8 ({After} 14... c6 {
Black wants to solve the problem of his queen but now the d7 bishop will die.}
15. Nd3 $14) 15. Nd3 $1 {This is a very useful place for the knight, because
it controls the two important e5 and c5 squares. The knight is ready to move
to c5 or e5.} Qd6 (15... Nd5 16. Bf2 Nxc3 17. bxc3 $36) 16. Bf2 Bc6 (16... Be8
17. Ne4 Nxe4 18. fxe4 a5 19. c4 b6 20. Qg4 $36) 17. Ne4 $1 Nxe4 18. fxe4 f5 $6
{A slightly dangerous move, but Loek wants to play actively.} ({After} 18... b6
19. c4 {White has very attractive central pawns.} Bb7 20. b4 $14 {White has
gained some space.}) 19. exf5 exf5 20. c4 Be4 $2 {Black didn't want to allow
d5, but now he loses a pawn.} (20... Bh4 $5 {is an interesing tactical move}
21. d5 (21. g3 $5) 21... Bxf2+ 22. Nxf2 Bd7 23. Qd4 b6 (23... c5 24. Qh4 Re8
25. Nd3 $16) 24. Nd3 a5 {blockading White's queenside pawns.}) 21. Nc5 Qg6 (
21... Bf6 22. Nxe4 fxe4 23. Rxe4 c5 24. d5 Bxb2 25. Ra2 Bf6 (25... Be5 26. Qh5)
26. Rae2 $16 {Black has regained the pawn, but White has a strong protected
passed pawn and the e-file for his rooks.}) 22. Nxe4 fxe4 23. Qb1 (23. Qc2 $2
e3 $1) 23... Bf6 24. Qxe4 Qxe4 25. Rxe4 c6 26. Kf1 Rd7 27. Ke2 a6 28. Kd3 Rad8
29. Rae1 Kf7 (29... h5 $5) 30. Be3 (30. g4 $5) 30... h5 (30... Bxd4 31. Rxd4
Rxd4+ 32. Bxd4 c5 33. Re4 Rd7 34. b4 cxd4 35. Rxd4 $16) 31. Rf1 Kg6 32. b4 (32.
h3) 32... Rd6 33. h3 $1 {The main plan is coming with g4.} R6d7 {Black is only
sitting and waiting.} 34. g4 hxg4 35. hxg4 Rf8 $2 {This loses immediately.} ({
However after} 35... Be7 36. Re6+ Kh7 37. Rxe7 Rxe7 38. Bg5 Rde8 39. Bxe7 Rxe7
40. d5 $16 {leads to a hopeless rook endgame.}) ({still} 35... Kh7 $142 {
was the best, but} 36. g5 Be7 37. Kc3 {and Black faces a long and unpleasant
endgame.} (37. c5) 37... Rc8 38. Re6 Kg8 39. Rf5 Rf8 40. Rfe5 Bd6 41. Re4 $16)
36. g5 $1 Bxd4 37. Re6+ $1 (37. Re6+ Bf6+ 38. Kc2 Kf7 39. Re4 $18) 1-0